<?xml version="1.0" encoding="UTF-8"?>
<record
    xmlns:xsi="http://www.w3.org/2001/XMLSchema-instance"
    xsi:schemaLocation="http://www.loc.gov/MARC21/slim http://www.loc.gov/standards/marcxml/schema/MARC21slim.xsd"
    xmlns="http://www.loc.gov/MARC21/slim">

  <leader>00691nam a22002297a 4500</leader>
  <controlfield tag="003">UA-OsUOA</controlfield>
  <controlfield tag="001"> 47208 </controlfield>
  <controlfield tag="007">ta</controlfield>
  <controlfield tag="008">20070713b un ||||| |||| 00| 0 ukr d</controlfield>
  <datafield tag="100" ind1=" " ind2=" ">
    <subfield code="a">&#x410;.&#x41C;. &#x41C;&#x435;&#x434;&#x432;&#x435;&#x434;&#x454;&#x432;&#x430;</subfield>
  </datafield>
  <datafield tag="090" ind1=" " ind2=" ">
    <subfield code="a">81,374,2-111</subfield>
    <subfield code="b">&#x410;11</subfield>
  </datafield>
  <datafield tag="942" ind1=" " ind2=" ">
    <subfield code="c">BK</subfield>
  </datafield>
  <datafield tag="040" ind1=" " ind2=" ">
    <subfield code="a">UA-OsUOA</subfield>
    <subfield code="b">ukr</subfield>
    <subfield code="c">UA-OsUOA</subfield>
    <subfield code="d">UA-OsUOA</subfield>
  </datafield>
  <datafield tag="245" ind1=" " ind2=" ">
    <subfield code="a">&#x410;&#x43D;&#x433;&#x43B;&#x43E;-&#x443;&#x43A;&#x440;&#x430;&#x457;&#x43D;&#x441;&#x44C;&#x43A;&#x43E;-&#x440;&#x43E;&#x441;&#x456;&#x439;&#x441;&#x44C;&#x43A;&#x438;&#x439; &#x441;&#x43B;&#x43E;&#x432;&#x43D;&#x438;&#x43A; &#x443;&#x441;&#x442;&#x430;&#x43B;&#x435;&#x43D;&#x438;&#x445; &#x432;&#x438;&#x440;&#x430;&#x437;&#x456;&#x432;</subfield>
  </datafield>
  <datafield tag="300" ind1=" " ind2=" ">
    <subfield code="a">493 &#x441;.</subfield>
  </datafield>
  <datafield tag="955" ind1=" " ind2=" ">
    <subfield code="a">2</subfield>
  </datafield>
  <datafield tag="041" ind1=" " ind2=" ">
    <subfield code="a">ukr</subfield>
  </datafield>
  <datafield tag="080" ind1=" " ind2=" ">
    <subfield code="a">81,374,2-111</subfield>
  </datafield>
  <datafield tag="260" ind1=" " ind2=" ">
    <subfield code="a">&#x41A;.</subfield>
    <subfield code="c">1992</subfield>
  </datafield>
  <datafield tag="650" ind1=" " ind2="7">
    <subfield code="a">8 &#x41C;&#x43E;&#x432;&#x43E;&#x437;&#x43D;&#x430;&#x432;&#x441;&#x442;&#x432;&#x43E;. &#x425;&#x443;&#x434;&#x43E;&#x436;&#x43D;&#x44F; &#x43B;&#x456;&#x442;&#x435;&#x440;&#x430;&#x442;&#x443;&#x440;&#x430;. &#x41B;&#x456;&#x442;&#x435;&#x440;&#x430;&#x442;&#x443;&#x440;&#x43E;&#x437;&#x43D;&#x430;&#x432;&#x441;&#x442;&#x432;&#x43E;</subfield>
    <subfield code="2">UDC</subfield>
  </datafield>
  <datafield tag="999" ind1=" " ind2=" ">
    <subfield code="c">333309</subfield>
    <subfield code="d">333309</subfield>
  </datafield>
  <datafield tag="952" ind1=" " ind2=" ">
    <subfield code="0">0</subfield>
    <subfield code="1">0</subfield>
    <subfield code="2">udc</subfield>
    <subfield code="4">0</subfield>
    <subfield code="7">0</subfield>
    <subfield code="a">101</subfield>
    <subfield code="b">101</subfield>
    <subfield code="d">2007-07-13</subfield>
    <subfield code="i">3329</subfield>
    <subfield code="l">0</subfield>
    <subfield code="o">81,374,2-111 &#x410;11</subfield>
    <subfield code="p">3329</subfield>
    <subfield code="r">2022-01-11 00:00:00</subfield>
    <subfield code="w">2007-07-13</subfield>
    <subfield code="y">BK</subfield>
  </datafield>
  <datafield tag="952" ind1=" " ind2=" ">
    <subfield code="0">0</subfield>
    <subfield code="1">0</subfield>
    <subfield code="2">udc</subfield>
    <subfield code="4">0</subfield>
    <subfield code="7">0</subfield>
    <subfield code="a">101</subfield>
    <subfield code="b">101</subfield>
    <subfield code="d">2007-07-13</subfield>
    <subfield code="i">3331</subfield>
    <subfield code="l">0</subfield>
    <subfield code="o">81,374,2-111 &#x410;11</subfield>
    <subfield code="p">3331</subfield>
    <subfield code="r">2022-05-19 00:00:00</subfield>
    <subfield code="w">2007-07-13</subfield>
    <subfield code="y">BK</subfield>
  </datafield>
  <datafield tag="952" ind1=" " ind2=" ">
    <subfield code="0">0</subfield>
    <subfield code="1">0</subfield>
    <subfield code="2">udc</subfield>
    <subfield code="4">0</subfield>
    <subfield code="7">0</subfield>
    <subfield code="a">101</subfield>
    <subfield code="b">101</subfield>
    <subfield code="d">2007-07-13</subfield>
    <subfield code="i">3332</subfield>
    <subfield code="l">0</subfield>
    <subfield code="o">81,374,2-111 &#x410;11</subfield>
    <subfield code="p">3332</subfield>
    <subfield code="r">2022-05-19 00:00:00</subfield>
    <subfield code="w">2007-07-13</subfield>
    <subfield code="y">BK</subfield>
  </datafield>
  <datafield tag="952" ind1=" " ind2=" ">
    <subfield code="0">0</subfield>
    <subfield code="1">0</subfield>
    <subfield code="2">udc</subfield>
    <subfield code="4">0</subfield>
    <subfield code="7">0</subfield>
    <subfield code="a">101</subfield>
    <subfield code="b">101</subfield>
    <subfield code="d">2007-07-13</subfield>
    <subfield code="i">3441</subfield>
    <subfield code="l">0</subfield>
    <subfield code="o">81,374,2-111 &#x410;11</subfield>
    <subfield code="p">3441</subfield>
    <subfield code="r">2022-01-13 00:00:00</subfield>
    <subfield code="w">2007-07-13</subfield>
    <subfield code="y">BK</subfield>
  </datafield>
  <datafield tag="952" ind1=" " ind2=" ">
    <subfield code="0">0</subfield>
    <subfield code="1">0</subfield>
    <subfield code="2">udc</subfield>
    <subfield code="4">0</subfield>
    <subfield code="7">0</subfield>
    <subfield code="a">101</subfield>
    <subfield code="b">101</subfield>
    <subfield code="d">2007-07-13</subfield>
    <subfield code="i">3442</subfield>
    <subfield code="l">0</subfield>
    <subfield code="o">81,374,2-111 &#x410;11</subfield>
    <subfield code="p">3442</subfield>
    <subfield code="r">2022-05-19 00:00:00</subfield>
    <subfield code="w">2007-07-13</subfield>
    <subfield code="y">BK</subfield>
  </datafield>
  <datafield tag="952" ind1=" " ind2=" ">
    <subfield code="0">0</subfield>
    <subfield code="1">0</subfield>
    <subfield code="2">udc</subfield>
    <subfield code="4">0</subfield>
    <subfield code="7">0</subfield>
    <subfield code="a">101</subfield>
    <subfield code="b">101</subfield>
    <subfield code="d">2007-07-13</subfield>
    <subfield code="i">3443</subfield>
    <subfield code="l">0</subfield>
    <subfield code="o">81,374,2-111 &#x410;11</subfield>
    <subfield code="p">3443</subfield>
    <subfield code="r">2022-01-11 00:00:00</subfield>
    <subfield code="w">2007-07-13</subfield>
    <subfield code="y">BK</subfield>
  </datafield>
  <datafield tag="952" ind1=" " ind2=" ">
    <subfield code="0">0</subfield>
    <subfield code="1">0</subfield>
    <subfield code="2">udc</subfield>
    <subfield code="4">0</subfield>
    <subfield code="7">0</subfield>
    <subfield code="a">101</subfield>
    <subfield code="b">101</subfield>
    <subfield code="d">2007-07-13</subfield>
    <subfield code="i">795</subfield>
    <subfield code="l">0</subfield>
    <subfield code="o">81,374,2-111 &#x410;11</subfield>
    <subfield code="p">795</subfield>
    <subfield code="r">2022-05-19 00:00:00</subfield>
    <subfield code="w">2007-07-13</subfield>
    <subfield code="y">BK</subfield>
  </datafield>
  <datafield tag="952" ind1=" " ind2=" ">
    <subfield code="0">0</subfield>
    <subfield code="1">0</subfield>
    <subfield code="2">udc</subfield>
    <subfield code="4">0</subfield>
    <subfield code="7">0</subfield>
    <subfield code="a">101</subfield>
    <subfield code="b">101</subfield>
    <subfield code="d">2007-07-13</subfield>
    <subfield code="i">798</subfield>
    <subfield code="l">0</subfield>
    <subfield code="o">81,374,2-111 &#x410;11</subfield>
    <subfield code="p">798</subfield>
    <subfield code="r">2022-05-19 00:00:00</subfield>
    <subfield code="w">2007-07-13</subfield>
    <subfield code="y">BK</subfield>
  </datafield>
  <datafield tag="952" ind1=" " ind2=" ">
    <subfield code="0">0</subfield>
    <subfield code="1">0</subfield>
    <subfield code="2">udc</subfield>
    <subfield code="4">0</subfield>
    <subfield code="7">0</subfield>
    <subfield code="a">101</subfield>
    <subfield code="b">101</subfield>
    <subfield code="d">2007-07-13</subfield>
    <subfield code="i">800</subfield>
    <subfield code="l">0</subfield>
    <subfield code="o">81,374,2-111 &#x410;11</subfield>
    <subfield code="p">800</subfield>
    <subfield code="r">2022-01-11 00:00:00</subfield>
    <subfield code="w">2007-07-13</subfield>
    <subfield code="y">BK</subfield>
  </datafield>
  <datafield tag="952" ind1=" " ind2=" ">
    <subfield code="0">0</subfield>
    <subfield code="1">0</subfield>
    <subfield code="2">udc</subfield>
    <subfield code="4">0</subfield>
    <subfield code="7">0</subfield>
    <subfield code="a">101</subfield>
    <subfield code="b">101</subfield>
    <subfield code="d">2007-07-13</subfield>
    <subfield code="i">804</subfield>
    <subfield code="l">0</subfield>
    <subfield code="o">81,374,2-111 &#x410;11</subfield>
    <subfield code="p">804</subfield>
    <subfield code="r">2022-05-23 00:00:00</subfield>
    <subfield code="w">2007-07-13</subfield>
    <subfield code="y">BK</subfield>
  </datafield>
  <datafield tag="952" ind1=" " ind2=" ">
    <subfield code="0">0</subfield>
    <subfield code="1">0</subfield>
    <subfield code="2">udc</subfield>
    <subfield code="4">0</subfield>
    <subfield code="7">0</subfield>
    <subfield code="a">101</subfield>
    <subfield code="b">101</subfield>
    <subfield code="d">2007-07-13</subfield>
    <subfield code="i">805</subfield>
    <subfield code="l">0</subfield>
    <subfield code="o">81,374,2-111 &#x410;11</subfield>
    <subfield code="p">805</subfield>
    <subfield code="r">2022-05-19 00:00:00</subfield>
    <subfield code="w">2007-07-13</subfield>
    <subfield code="y">BK</subfield>
  </datafield>
  <datafield tag="952" ind1=" " ind2=" ">
    <subfield code="0">0</subfield>
    <subfield code="1">0</subfield>
    <subfield code="2">udc</subfield>
    <subfield code="4">0</subfield>
    <subfield code="7">0</subfield>
    <subfield code="a">101</subfield>
    <subfield code="b">101</subfield>
    <subfield code="d">2007-07-13</subfield>
    <subfield code="i">806</subfield>
    <subfield code="l">0</subfield>
    <subfield code="o">81,374,2-111 &#x410;11</subfield>
    <subfield code="p">806</subfield>
    <subfield code="r">2022-05-19 00:00:00</subfield>
    <subfield code="w">2007-07-13</subfield>
    <subfield code="y">BK</subfield>
  </datafield>
  <datafield tag="952" ind1=" " ind2=" ">
    <subfield code="0">0</subfield>
    <subfield code="1">0</subfield>
    <subfield code="2">udc</subfield>
    <subfield code="4">0</subfield>
    <subfield code="7">0</subfield>
    <subfield code="a">101</subfield>
    <subfield code="b">101</subfield>
    <subfield code="d">2007-07-13</subfield>
    <subfield code="i">809</subfield>
    <subfield code="l">0</subfield>
    <subfield code="o">81,374,2-111 &#x410;11</subfield>
    <subfield code="p">809</subfield>
    <subfield code="r">2022-05-19 00:00:00</subfield>
    <subfield code="w">2007-07-13</subfield>
    <subfield code="y">BK</subfield>
  </datafield>
  <datafield tag="952" ind1=" " ind2=" ">
    <subfield code="0">0</subfield>
    <subfield code="1">0</subfield>
    <subfield code="2">udc</subfield>
    <subfield code="4">0</subfield>
    <subfield code="7">0</subfield>
    <subfield code="a">101</subfield>
    <subfield code="b">101</subfield>
    <subfield code="d">2007-07-13</subfield>
    <subfield code="i">810</subfield>
    <subfield code="l">0</subfield>
    <subfield code="o">81,374,2-111 &#x410;11</subfield>
    <subfield code="p">810</subfield>
    <subfield code="r">2022-05-19 00:00:00</subfield>
    <subfield code="w">2007-07-13</subfield>
    <subfield code="y">BK</subfield>
  </datafield>
</record>
